00939nam a2200253 a 4500001000800000005001700008008004100025041000800066044000700074050002300081245007800104260004400182300004500226440013000271500001000401500003000411650003300441650003200474700002500506902000800531942001100539999001500550952012000565BRL_48920190320210751.0200813s1962----gw-abo####---#000-0#ger-# ager agw 4aN5305b.K86 6 196210aAlt-IranbDie Kunst in Vorislamischer ZeitcVon Edith Porada... [et. al.] aGermanybHolle-Verlag Baden-Badenc1962 a286 p.b61 il. (algunas a color)c23 cm. 0aKunst der Welt; ihre geschichtlichen, soziologischen und religiösen GrundlagenpDie aussereuropäischen Kulturenv6924083 aAu526 aBibliografía: p.255-26014aArte iranioxHistoria92408414aArte antiguozIrán9240851 aPorada, Edith924086 aGRL 2lcccB c9301d9301 00104070aBRLbBRLd2013-08-20iAu526l0oN5305 .K86 6 1962 (Au526)pGRL00538r2019-03-22 00:00:00w2019-03-22yB